MARC details
| 000 -CABECERA |
| campo de control de longitud fija |
01122nam a2200289 a 4500 |
| 001 - NÚMERO DE CONTROL |
| campo de control |
000021117 |
| 005 - FECHA Y HORA DE LA ÚLTIMA TRANSACCIÓN |
| campo de control |
20200930011235.0 |
| 008 - DATOS DE LONGITUD FIJA--INFORMACIÓN GENERAL |
| campo de control de longitud fija |
100831s2003 dr ab r 000 0 spa d |
| 020 ## - NÚMERO INTERNACIONAL ESTÁNDAR DEL LIBRO |
| Número Internacional Estándar del Libro |
0974623636 |
| 040 ## - FUENTE DE LA CATALOGACIÓN |
| Centro catalogador/agencia de origen |
DO-SdBNP |
| Lengua de catalogación |
spa |
| Centro/agencia transcriptor |
BNPHU |
| 082 ## - NÚMERO DE LA CLASIFICACIÓN DECIMAL DEWEY |
| Número de clasificación |
970.015 |
| Número de documento/Ítem |
R666t |
| 100 1# - ENTRADA PRINCIPAL--NOMBRE DE PERSONA |
| Nombre de persona |
Robiou Lamarche, Sebastián |
| 9 (RLIN) |
9669 |
| 245 10 - MENCIÓN DE TÍTULO |
| Título |
Taínos y Caribes : |
| Resto del título |
las culturas aborígenes antillanas / |
| Mención de responsabilidad, etc. |
Sebastián Robiou Lamarche ; prólogo Ricardo E. Alegría. |
| 260 ## - PUBLICACIÓN, DISTRIBUCIÓN, ETC. |
| Lugar de publicación, distribución, etc. |
San Juan : |
| Nombre del editor, distribuidor, etc. |
Punto y Coma, |
| Fecha de publicación, distribución, etc. |
2003. |
| 300 ## - DESCRIPCIÓN FÍSICA |
| Extensión |
288 p. : |
| Otras características físicas |
il., maps. ; |
| Dimensiones |
23 cm. |
| 500 ## - NOTA GENERAL |
| Nota general |
La biblioteca posee la reimpresión del 2009 |
| 504 ## - NOTA DE BIBLIOGRAFÍA, ETC. |
| Nota de bibliografía, etc. |
Bibliografía : p. 259-288 |
| 590 ## - NOTA LOCAL (RLIN) |
| Nota local |
Inventariado, 2018/BT |
| 650 #4 - PUNTO DE ACCESO ADICIONAL DE MATERIA--TÉRMINO DE MATERIA |
| Término de materia o nombre geográfico como elemento de entrada |
Indigenas de las antillas |
| Subdivisión general |
Historia |
| 9 (RLIN) |
44150 |
| 650 #4 - PUNTO DE ACCESO ADICIONAL DE MATERIA--TÉRMINO DE MATERIA |
| Término de materia o nombre geográfico como elemento de entrada |
Taínos |
| Subdivisión general |
Vida social y costumbres |
| 9 (RLIN) |
44131 |
| 650 #4 - PUNTO DE ACCESO ADICIONAL DE MATERIA--TÉRMINO DE MATERIA |
| Término de materia o nombre geográfico como elemento de entrada |
Caribes |
| Subdivisión general |
Vida social y costumbres |
| 9 (RLIN) |
44151 |
| 650 #4 - PUNTO DE ACCESO ADICIONAL DE MATERIA--TÉRMINO DE MATERIA |
| Término de materia o nombre geográfico como elemento de entrada |
Taínos |
| Subdivisión general |
Religión y mitología |
| 9 (RLIN) |
44152 |
| 650 #4 - PUNTO DE ACCESO ADICIONAL DE MATERIA--TÉRMINO DE MATERIA |
| Término de materia o nombre geográfico como elemento de entrada |
Caribes |
| Subdivisión general |
Religión y mitología |
| 9 (RLIN) |
44153 |
| 650 #4 - PUNTO DE ACCESO ADICIONAL DE MATERIA--TÉRMINO DE MATERIA |
| Término de materia o nombre geográfico como elemento de entrada |
Indigenas de las antillas |
| Subdivisión general |
Leyendas |
| 9 (RLIN) |
44154 |
| 700 12 - PUNTO DE ACCESO ADICIONAL--NOMBRE DE PERSONA |
| Nombre de persona |
Alegría, Ricardo E., |
| Término indicativo de función/relación |
pról. |
| 9 (RLIN) |
16236 |
| 910 ## - DATOS DE OPCIÓN DEL USUARIO (OCLC) |
| Datos de opción del usuario |
Validado. Control de calidad. MFF |